Quizzes
Events
Quiz Creation
Community
Videos
Private Events
Remove Ads
Sign In
Join for FREE
Feedback
Dark Mode
Quiz Categories
Sports
Geography
Music
Movies
Television
Just For Fun
Miscellaneous
History
Literature
Language
Science
Gaming
Entertainment
Religion
Holiday
For Kids
Quiz Lab
Recent
Popular Today
Quiz Kudos Today
Editor Picks
Curator Picks
Quizzes by...
Day
Popularity
Type
Ratings
Length
Year
Community
Subscriptions
Recent Discussions
Orange Saloon
Badges
Playlists
Quests
Create
Leaderboards
Showdown
Live 5
Trivia Bingo
Activity
Puzzle Library
Sporcle Events
Private Events
Virtual Trivia
Globe League
Become a Host
Pub Owners
SporcleCon
Opinionation
Our Games
Videos
Blog
Mobile Apps
Partnerships
Remove Ads and Go Orange
Feedback
Television
TV Characters
TV Show
Sitcom
Network
Friends
Reality Shows
Cast
South Park
Star Trek
The Simpsons
Doctor Who
Television
TV Characters
TV Show
Sitcom
Network
Friends
Reality Shows
Cast
South Park
Star Trek
The Simpsons
Doctor Who
Random Quiz
Search Sporcle
×
Quiz Lab
Quiz Lab
Television
relationship
Type in answers that appear in a list
Type in answers that appear in a list
Classic
Best Score? Go Orange.
Grey's Anatomy Links Stats
Can you name the Grey's Anatomy Links?
By
amyberrisford
10m
39 Questions
2,888 Plays
2,888 Plays
2,888 Plays
Comments
Comments
Give Quiz Kudos
Give Quiz Kudos
-
- Ratings
hide this ad
No Skip
Answers have to be entered in order without skipping
Answers have to be entered in order without skipping
Replay
Link that replays current quiz
Next Quiz
Link to next quiz in quiz playlist
You Got
0%
They Got
Avg Score
47%
Avg Friend Score
Upgrade to see
Score Distribution
Jump to the score distribution portion of the page
Score
0/39
Timer
10:00
1
Play Today
Hint
Answer
% Correct
?
???
100%
?
???
95.5%
?
???
94.6%
?
???
94.3%
?
???
93.8%
?
???
87.3%
?
???
86.6%
?
???
84.7%
?
???
84.6%
?
???
84.4%
?
???
70.8%
?
???
70.3%
?
???
69.6%
?
???
69.5%
?
???
57.8%
?
???
57.5%
?
???
55.1%
?
???
55.1%
?
???
55.1%
?
???
45%
Hint
Answer
% Correct
?
???
42.2%
?
???
40.8%
?
???
34.7%
?
???
30.4%
?
???
29.3%
?
???
28.5%
?
???
17.7%
?
???
16.3%
?
???
16.1%
?
???
15.5%
?
???
14.2%
?
???
11.5%
?
???
11.4%
?
???
8.6%
?
???
8.6%
?
???
8.5%
?
???
8.4%
?
???
5.5%
?
???
5.5%
Quiz Playlist
Details
Report
Send in Message
Add To Playlist
Classic:
Type in answers that appear in a list
No Skip:
Answers have to be entered in order without skipping
Last Updated: May 3, 2017
Quiz Scoreboard
CHALLENGE
Sign Up to Join the Scoreboard
Show All
Scores
Hide
Comments
May contain spoilers
Recently Published
Presidents Visiting Landmarks
by Hejman
History
7m
An Introduction to Baseball
by treessimontrees
Sports
5m
Movies - When Are They Set?
by FPL_Elf
Movies
5m
More to Explore
Quiz From the Vault
Featured Blog Post
Where Did the Easter Bunny Come From?
hide this ad
You Might Also Like...
Tags
Grey's Anatomy
link
relationship
Today's Top Quizzes in Television
Browse Television
hide this ad
Today's Top Quizzes in relationship
Browse relationship
Top Contributed Quizzes in Television
1
5-to-1: The Simpsons Families
2
One Piece Logic Puzzle
3
5-to-1: Television Doctors
4
7-to-1: TV Show Settings
5
5-to-1: Streaming Originals
6
Survivor Logic Puzzle: Heroes vs. Villains
7
Survivor Seasons
8
Survivor Season by Logo
9
One Thing in Common: Television
10
Survivor Trivia
Explore More
Trending Topics
NBA
Anime
Disney
Kpop
Marvel
Crossword
Harry Potter
Puzzle
Pokémon
Song
WWE
Country
The Office
Soccer
NFL
hide this ad
More By:
amyberrisford
Quiz
Plays
Rating
Category
Featured
Created
Grey's Anatomy Links
2,887
Television
May 3, 2017
Greys Anatomy Hookups
2,789
1.00
Television
Apr 18, 2017
A-Z Greys Anatomy
488
Television
Sep 10, 2017
Kings and Queens of England
374
3.00
History
Nov 24, 2016
Go to Creator's Profile
Score Distribution
Quiz Creator Spotlight
amyberrisford
Follow
Send a Message
Quizzes Created
-
Created Quiz Play Count
-
More By This Creator
Popular Quizzes Today
1
Find the US States - No Outlines Minefield
2
Find the Countries of Europe - No Outlines Minefield
3
The Countries of the World
4
Find the US States
5
Popular People in 1961
6
US States
7
Risky Map Clicking: Biggest States A-Z
8
Movies - When Are They Set?
More Television Quizzes
Clickable Honeymooners
Editor's Pick
Trending Quizzes
Risky Map Clicking: Least Populous States A-Z
1-10 Letter G Words
1-10 Letter F Words
Risky Map Clicking: Next State Alphabetically
Risky Map Clicking: Biggest States A-Z
Recently Updated
Leaping Animals
pecheneg
Reality TV Shows (A-Z)
bhenderson79
Rickey Henderson's Hall of Fame Teammates
pecheneg
Champions League XIs: Arsenal
pecheneg
Quick Pick: Celebrities in WWE's Hall of Fame
aduchscher
A-Z Keypad Blitz II
pecheneg
Multiple Oscar Actors
pecheneg
Mystery Phrase Blitz: Oscar 'Best Actors'
pecheneg
F. Scott Fitzgerald Novels
LTH
Pick 3 Villains
ddd62291
Trending Topics
Crossword
Harry Potter
NBA
Kpop
Marvel
Disney
Anime
Pokémon
Puzzle
Song
Soccer
The Office
Country
WWE
NFL
Your Account Isn't Verified!
In order to create a playlist on Sporcle, you need to verify the email address you used during registration. Go to your
Sporcle Settings
to finish the process.
Report this User
Report this user for behavior that violates our
Community Guidelines
.
Details:
Send Report
Go to the Sporcle.com Mobile Site →
Comments